Największe województwa według powierzchni - Statystyki

Ogólne statystyki
  • Ten quiz został rozwiązany 103 razy
  • Średni wynik to 5 z 6
Statystyki odpowiedzi
Powierzchnia
/ km²
Województwo % Poprawnych
35 559 Mazowieckie
99%
29 826 Wielkopolskie
95%
22 905 Zachodniopomorskie
76%
25 123 Lubelskie
65%
24 173 Warmińsko-Mazurskie
63%
20 187 Podlaskie
57%
Nie znaleziono quizów pasujących do podanych kryteriów
Rozkład punktacji
Procent ludzi z każdym wynikiem
Percentyl według liczby udzielonych odpowiedzi
Twoja historia wyników
Nie rozwiązałeś tego quizu